| 000 | 00423nam a22001577a 4500 | ||
|---|---|---|---|
| 020 | _a9789388768764 | ||
| 082 |
_aM 398.3578 _bNAR/V |
||
| 100 | _aNarayanan Elamkulam K.P. | ||
| 245 |
_aValluvanattile pananar pattukal/ _cby Narayanan Elamkulam K.P. |
||
| 260 |
_aThrissur: _bKerala Sahitya Akademi, _c2024. |
||
| 300 | _a223p. | ||
| 650 | _aFolk Songs | ||
| 650 | _aFolklore | ||
| 650 | _aSocial Sciences | ||
| 942 | _cBK | ||
| 999 |
_c181902 _d181902 |
||